| 000 | 01173nam a22002657a 4500 | ||
|---|---|---|---|
| 999 |
_c8679 _d8679 |
||
| 003 | AR-CdUCM | ||
| 008 | 190325b ||||| |||| 00| 0 spa d | ||
| 020 | _a978-9972-857-70-6 | ||
| 040 |
_aMUNICIPALIDAD PROVINCIAL DEL CUSCO _cBIBLIOTECA MUNICIPAL DEL CUSCO |
||
| 082 |
_a353.816 / _bN82 |
||
| 110 |
_aInstituto Nacional de Salud (Perú) _924257 |
||
| 245 | _aNorma y guías técnicas en salud indígenas en aislamiento y contacto inicial / | ||
| 260 |
_aLima : _bMinisterio de Salud, _bInstituto Nacional de Salud, _bCentro de Producción Editorial e Imprenta de la Universidad Nacional Mayor de San Marcos, _c2008. |
||
| 300 |
_a170 paginas ; _bilustraciones, graficos, mapas, cuadros, _c21 cm. |
||
| 500 | _aMinisterio de salud Instituto Nacional de Cultura | ||
| 505 | _aContenido: Resolución Ministerial -- Disposiciones generales -- disposiciones especificas -- disposiciones finales -- interacción... | ||
| 650 |
_aIndigenas _93232 |
||
| 650 |
_aResolucion _924258 |
||
| 650 |
_aMinisterio _924259 |
||
| 650 |
_aSiglo XX _98 |
||
| 700 |
_aCueba Maza, Naptali _924260 |
||
| 856 |
_fwww.minsa.gob.pe _fwww.ins.gob.pe |
||
| 942 |
_2ddc _cLIBROS |
||
| 945 | _apjha | ||